|
|
|
|
| LEADER |
00000cam a2200000 7i4500 |
| 001 |
0000040219 |
| 005 |
20140317.0 |
| 008 |
140310 |
| 020 |
|
|
|a 9671036549
|
| 090 |
0 |
0 |
|a 297.57082
|b FAU
|
| 100 |
0 |
|
|a Fauwaz Fadzil Noor
|
| 245 |
1 |
0 |
|a Wanita muslimah :
|b alternatif terkini
|c Fauwax Fadzil Noor
|
| 260 |
|
|
|a Selangor :
|b As-Sohwah Entp. Sdn Bhd ,
|c 2011
|
| 650 |
|
0 |
|a Women in Islam
|
| 650 |
|
0 |
|a Women
|x Conduct of life
|
| 999 |
|
|
|a 0001270148
|b Book
|c Adult Collection
|e Cawangan Bandar Tenggara
|
| 999 |
|
|
|a 0001270150
|b Book
|c Adult Collection
|e Cawangan Mersing
|
| 999 |
|
|
|a 0001270156
|b Book
|c Adult Collection
|e Cawangan Pontian
|
| 999 |
|
|
|a 0001279169
|b Book
|c Adult Collection
|e Perbadanan Perpustakaan Awam Johor
|